000 00729nam a2200253Ia 4500
003 OSt
005 20220926021141.0
006 a|||||r|||| 00| 0
007 ta
008 220923b |||||||| |||| 00| 0 eng d
037 _cGeneral Book
040 _aRTL
_cRTL
_beng
041 _2eng
_aeng
082 _aV1N45.N80a, M0.2-8/UN
110 _aUNITED NATIONS.
245 0 _aUnited Nations document index
_b Current index.
260 _aNew York
_bU.N.
_c1980
300 _axviii; 139p.
_ccm.
490 _vVol.2, No.8
500 _aUnited Nations bibliographic information system.
700 _aUNITED NATIONS.
942 _hV1N45.N80a, M0.2-8/UN
_cGB
_2CC
999 _c635956
_d635956